Poetes russos de la revolució / J. Carner Ribalta
Descripción Física:
42 p. ; 28 cm
MARC
| LEADER | 00000nam a2200000Ia 4500 | ||
|---|---|---|---|
| 001 | 8196 | ||
| 008 | 160829s1937 xx 000 0 cat d | ||
| 080 | |a RF-10-4 | ||
| 100 | |a Carner i Ribalta, Josep |9 36721 | ||
| 245 | |a Poetes russos de la revolució / J. Carner Ribalta | ||
| 260 | |a Barcelona : |b Generalitat de Catalunya. Comissariat de Propaganda, |c 1937 | ||
| 300 | |a 42 p. ; |c 28 cm | ||
| 650 | |a Poesia russa |x 1900/1930 |x Història i crítica |9 36722 | ||
| 710 | 1 | |a Catalunya. |b Comissariat de Propaganda |9 56414 | |
| 856 | 4 | |u https://media.diba.cat/diba/fitxers/arxiu/fulletons/bib_8196_1937_baixa.pdf |y Accés lliure | |
| 856 | 4 | |u https://media.diba.cat/diba/fitxers/arxiu/fulletons/bib_8196_1937_baixa.pdf |y Accés lliure | |
| 901 | |a Arxiu | ||
| 942 | |n 1 |2 udc | ||
| 952 | |0 0 |1 0 |4 0 |6 RF104 |7 1 |9 47461 |a Arxiu |b Arxiu |d 2016-12-01 |l 0 |o RF10-4 |p 8196 |r 2016-12-01 00:00:00 |w 2016-12-01 |y ARXIU | ||
| 999 | |c 51259 |d 51259 | ||
| 900 | |a bib_8196_1937_baixa.pdf | ||